000 01380nam a22002657a 4500
005 20080829101324.0
008 080829t xxu||||| |||| 00| d hin d
010 _aHIN-84124
020 _a8187425709
_c45.00
035 _aHN-56470
037 _aDBAD / PUB
040 _aDPL
_bHN
082 _a822
100 _aचेखव, अन्तोन
245 _aतीन बहनें :
_cअन्तोन चेखव
_b(दो नाटक) /
246 _aTeena Bahanen
_bby Anton Chekhov
260 _aलखनऊ
_bपरिकल्पना प्रकाशन
_c2006
270 _aजनचेतना, डी-68, निरालानगर
_bलखनऊ
_e226020
300 _a155पृ
_c22सेमी (अजिल्द)
500 _aइस पुस्तक मे. एक जिल्द में दो नाटक ' तीन बहनें' तथा 'मामा वान्न्या' संकलित हैं
650 _aरूसी नाटक
_xहिन्दी अनुवाद
650 _aHindi Drama
_xtranslations into Hindi
942 _2ddc
_cHN
_h822
_mअन्तोन
999 _c15222
_d15222